000 00921nas a2200301 4500
001 BR2011001394
003 BR-BrBNA
005 20231205114511.0
007 ta
008 230509b bl.|||p| |||| 00| 00por d
040 _aBR-BrBNA
_bpor
_cBiblioteca Nacional de Agricultura
041 _a(Pt)
072 _aP36; F61
100 1 _aLima, F. de S.
100 1 _aBarros, M. de F.C.
100 1 _aFerraz, F.B.
100 1 _aSilva Junior, S. da
100 1 _aOliveira, L.B. de
245 1 _aAbsorção de nutrientes e sódio pelo caupi em solos salino-sódicos corrigidos com gesso
650 _aFEIJÃO DE CORDA
650 _aSOLO SALINO-SÓDICO
650 _aRECUPERAÇÃO DO SOLO
650 _aGESSO
650 _aNUTRIÇÃO VEGETAL
773 0 _tRevista Caatinga (Brazil)
_xISSN 0100-316X
_g(2008), v. 21(5) p. 95-101
_wBR2011001394
909 _a202311
_bLúcia
_c55
_dLúcia Elande
942 _2AGRIS
_n0
_cANA
999 _c209063
_d209063